<?xml version="1.0" encoding="UTF-8"?>
<record
    xmlns:xsi="http://www.w3.org/2001/XMLSchema-instance"
    xsi:schemaLocation="http://www.loc.gov/MARC21/slim http://www.loc.gov/standards/marcxml/schema/MARC21slim.xsd"
    xmlns="http://www.loc.gov/MARC21/slim">

  <leader>02479cam a22003498i 4500</leader>
  <controlfield tag="001">23031114</controlfield>
  <controlfield tag="003">EG-ScBUE</controlfield>
  <controlfield tag="005">20250223101623.0</controlfield>
  <controlfield tag="008">230323s2024    enka   f b    001 0 eng d</controlfield>
  <datafield tag="020" ind1=" " ind2=" ">
    <subfield code="a">9781032289717</subfield>
  </datafield>
  <datafield tag="040" ind1=" " ind2=" ">
    <subfield code="a">DLC</subfield>
    <subfield code="b">eng</subfield>
    <subfield code="e">rda</subfield>
    <subfield code="c">DLC</subfield>
    <subfield code="d">EG-ScBUE</subfield>
  </datafield>
  <datafield tag="082" ind1="0" ind2="4">
    <subfield code="a">720.285</subfield>
    <subfield code="2">22</subfield>
    <subfield code="b">COL</subfield>
  </datafield>
  <datafield tag="100" ind1="1" ind2=" ">
    <subfield code="a">Collins, Jeffrey</subfield>
    <subfield code="q">(Jeffrey M.),</subfield>
    <subfield code="d">1978-</subfield>
    <subfield code="e">author.</subfield>
  </datafield>
  <datafield tag="245" ind1="1" ind2="0">
    <subfield code="a">Case studies in parametric design :</subfield>
    <subfield code="b">a guide to visual scripting in architecture /</subfield>
    <subfield code="c">Jeffrey Collins.</subfield>
  </datafield>
  <datafield tag="264" ind1=" " ind2="1">
    <subfield code="a">Abingdon, Oxon ;</subfield>
    <subfield code="a">Ne York :</subfield>
    <subfield code="b">Routledge,</subfield>
    <subfield code="c">2024.</subfield>
  </datafield>
  <datafield tag="300" ind1=" " ind2=" ">
    <subfield code="a">x, 352 pages :</subfield>
    <subfield code="b">color illustrations ;</subfield>
    <subfield code="c">24 cm</subfield>
  </datafield>
  <datafield tag="336" ind1=" " ind2=" ">
    <subfield code="a">text</subfield>
    <subfield code="b">txt</subfield>
    <subfield code="2">rdacontent</subfield>
  </datafield>
  <datafield tag="337" ind1=" " ind2=" ">
    <subfield code="a">unmediated</subfield>
    <subfield code="b">n</subfield>
    <subfield code="2">rdamedia</subfield>
  </datafield>
  <datafield tag="338" ind1=" " ind2=" ">
    <subfield code="a">volume</subfield>
    <subfield code="b">nc</subfield>
    <subfield code="2">rdacarrier</subfield>
  </datafield>
  <datafield tag="504" ind1=" " ind2=" ">
    <subfield code="a">Includes bibliographical references and index.</subfield>
  </datafield>
  <datafield tag="520" ind1=" " ind2=" ">
    <subfield code="a">"Case Studies in Parametric Design is a guide to scripting digital models for architects, designers, and builders. The use of parametric design in architecture has afforded the realization of incredible built work; modelling software can resolve complex geometry and aid in the development of stunning creations. Methods for creating the digital models to achieve these results, however, can be perplexing. Learning curves are steep, and benefits garnered from adapting existing workflows to incorporate new tools may appear trivial. This book describes programming techniques for a variety of buildings, providing novices an understanding of language and processes, challenging intermediate users with rigor and intentionality, and offering those proficient objectives beyond novel form-making. The case studies consist of six mass topologies and six facade topologies, each including sample topology models and scripts, descriptions of steps for generating customizable parametric models, and suggestions for additional modelling inquiries. This is essential reading for students and practitioners interested in harnessing the full potential of parametric design"--</subfield>
    <subfield code="c">Provided by publisher.</subfield>
  </datafield>
  <datafield tag="650" ind1=" " ind2="7">
    <subfield code="a">Architectural design</subfield>
    <subfield code="x">Data processing</subfield>
    <subfield code="v">Case studies.</subfield>
    <subfield code="2">BUEsh</subfield>
  </datafield>
  <datafield tag="650" ind1=" " ind2="7">
    <subfield code="a">Architecture</subfield>
    <subfield code="x">Mathematics</subfield>
    <subfield code="v">Case studies.</subfield>
    <subfield code="2">BUEsh</subfield>
  </datafield>
  <datafield tag="650" ind1=" " ind2="7">
    <subfield code="a">Parametric modeling</subfield>
    <subfield code="v">Case studies.</subfield>
    <subfield code="2">BUEsh</subfield>
  </datafield>
  <datafield tag="650" ind1=" " ind2="7">
    <subfield code="a">Structural optimization</subfield>
    <subfield code="v">Case studies.</subfield>
    <subfield code="2">BUEsh</subfield>
  </datafield>
  <datafield tag="650" ind1=" " ind2="7">
    <subfield code="a">Computer-aided design</subfield>
    <subfield code="v">Case studies.</subfield>
    <subfield code="2">BUEsh</subfield>
  </datafield>
  <datafield tag="653" ind1=" " ind2=" ">
    <subfield code="c">February2025</subfield>
    <subfield code="b">ENGGEN</subfield>
  </datafield>
  <datafield tag="655" ind1=" " ind2=" ">
    <subfield code="v">Reading book</subfield>
  </datafield>
  <datafield tag="906" ind1=" " ind2=" ">
    <subfield code="a">7</subfield>
    <subfield code="b">cbc</subfield>
    <subfield code="c">orignew</subfield>
    <subfield code="d">1</subfield>
    <subfield code="e">ecip</subfield>
    <subfield code="f">20</subfield>
    <subfield code="g">y-gencatlg</subfield>
  </datafield>
  <datafield tag="942" ind1=" " ind2=" ">
    <subfield code="2">ddc</subfield>
    <subfield code="c">BB</subfield>
  </datafield>
  <datafield tag="999" ind1=" " ind2=" ">
    <subfield code="c">30908</subfield>
    <subfield code="d">30879</subfield>
  </datafield>
  <datafield tag="952" ind1=" " ind2=" ">
    <subfield code="0">0</subfield>
    <subfield code="1">0</subfield>
    <subfield code="2">ddc</subfield>
    <subfield code="4">0</subfield>
    <subfield code="7">0</subfield>
    <subfield code="8">Alahram</subfield>
    <subfield code="a">MAIN</subfield>
    <subfield code="b">MAIN</subfield>
    <subfield code="c">2ND</subfield>
    <subfield code="d">2025-02-23</subfield>
    <subfield code="e">Purchase</subfield>
    <subfield code="g">2159.00</subfield>
    <subfield code="h">152</subfield>
    <subfield code="l">0</subfield>
    <subfield code="o">720.285 COL</subfield>
    <subfield code="p">000057271</subfield>
    <subfield code="r">2025-07-15 00:00:00</subfield>
    <subfield code="v">2699.00</subfield>
    <subfield code="w">2025-02-23</subfield>
    <subfield code="y">BB</subfield>
  </datafield>
</record>
